| 000 | 00843nam a2200253Ia 4500 | ||
|---|---|---|---|
| 003 | OSt | ||
| 005 | 20220918171539.0 | ||
| 006 | a|||||r|||| 00| 0 | ||
| 007 | ta | ||
| 008 | 220917b |||||||| |||| 00| 0 eng d | ||
| 020 |
_a9781848858824 (hbk) _cUKP 28.99 |
||
| 024 | _a353,047 | ||
| 037 |
_b60184, 12/02/2020, Segment Book Distributors _cTextual |
||
| 040 |
_aARTS _cARTS _beng |
||
| 041 |
_2eng _aeng |
||
| 082 | _aV6, R0 | ||
| 100 |
_aCohen Andrew Au. _937189 |
||
| 245 | 0 |
_aPolitics and economics of decolonization in Africa _b failed experiment of the central African federation |
|
| 260 |
_aLondon _bI.B. Tauris UK _c2020 |
||
| 300 |
_aviii,300p. _ccm. |
||
| 650 |
_aAFRICA - HISTORY _920294 |
||
| 942 |
_hV6, R0 _cTEXL _2CC |
||
| 999 |
_c140038 _d140038 |
||